Φυτοκοινωνιολογική-Οικολογική μελέτη της λιμνοθάλασσας του Αγίου Μάμα Χαλκιδικής και προτάσεις διαχειρίσεως : φάση 1: 1992

Αποθηκεύτηκε σε:
Λεπτομέρειες βιβλιογραφικής εγγραφής
Κύριος συγγραφέας: Μπαμπαλωνάς, Δημήτριος Γ.
Άλλοι συγγραφείς: Παπαστεργιάδου, Εύα
Μορφή: Βιβλίο
Γλώσσα:Greek
Δημοσίευση: Θεσσαλονίκη : Μουσείο Γουλανδρή Φυσικής Ιστορίας. Ελληνικό Κέντρο Βιότοπων-Υγρότοπων, 1993
Θέματα:
Ετικέτες: Προσθήκη ετικέτας
Δεν υπάρχουν, Καταχωρήστε ετικέτα πρώτοι!

MARC

LEADER 00000cam a2200000 i 4500
001 1/7266
008 960730s1993 gre d
035 |l 10016643 
040 |a GR-MY-UA  |b gre  |e aacr 
041 0 |a gre 
082 0 |a 574.5263650949565 
100 1 |a Μπαμπαλωνάς, Δημήτριος Γ. 
245 1 0 |a Φυτοκοινωνιολογική-Οικολογική μελέτη της λιμνοθάλασσας του Αγίου Μάμα Χαλκιδικής και προτάσεις διαχειρίσεως :  |b φάση 1: 1992 /  |c Δ. Μπαμπαλώνης, Εύα Παπαστεργιάδου 
260 |a Θεσσαλονίκη :   |b Μουσείο Γουλανδρή Φυσικής Ιστορίας. Ελληνικό Κέντρο Βιότοπων-Υγρότοπων,   |c 1993 
300 |a 73 σ.  |b εικ., πιν., σχεδ., χαρτ. 
504 |a Περιέχει βιβλιογρφία 
651 0 |a Hagios Mamas (Chalkidike, Greece) 
650 0 |a Lagoon ecology  |z Greece  |z Chalkidike. 
650 0 0 |a Estuarine ecology  |z Greece  |z Chalkidike. 
700 1 |a Παπαστεργιάδου, Εύα. 
852 |a INST  |b LESVOS  |e 19960730  |h 574.5263650949565 ΜΠΑ  |p 005100009363  |q 005100009363  |t BK  |y 0 
909 |a Λ  |b 031674 
970 |z 2000/06/ΟΙΚΟΝΟΜΟΠΟΥΛΟΥ ΧΡΙΣΤΙΝΑ